MARC

LEADER 00000nam0a2200000 4500
001 365124
005 20231102011744.0
035 |a (RuTPU)RU\TPU\retro\22487 
090 |a 365124 
100 |a 20211213d1981 km y0rusy50 ca 
101 0 |a rus 
102 |a RU 
105 |a a z 000zy 
200 1 |a Региональные проблемы повышения эффективности металлургического производства  |f О. А. Романова, Н. М. Ратнер  |g Академия наук СССР, Уральский научный центр 
210 |a Москва  |c Наука  |d 1981 
215 |a 160 с.  |c ил. 
225 1 |a Проблемы советской экономики 
606 1 |a Металлургическое производство  |2 stltpush  |3 (RuTPU)RU\TPU\subj\43005  |9 62593 
606 1 |a Металлургические заводы  |x Экономическая эффективность  |2 stltpush  |3 (RuTPU)RU\TPU\subj\42840  |9 62457 
610 1 |a региональные проблемы 
610 1 |a сырьевая база 
610 1 |a отраслевая эффективность 
610 1 |a рудная база 
610 1 |a оценка 
610 1 |a комплексное исследование 
610 1 |a металлопродукция 
610 1 |a качество 
675 |a 669.02/.09  |v 4 
675 |a 669.03:658.011.4  |v 4 
700 1 |a Романова  |b О. А.  |g Ольга Александровна 
701 1 |a Ратнер  |b Н. М.  |g Нина Михайловна 
712 0 2 |a Академия наук СССР  |b Уральский научный центр  |2 stltpush  |3 (RuTPU)RU\TPU\col\3284  |9 23807 
801 1 |a RU  |b 63413507  |c 20211213 
942 |c BK